Cuentos de navidad / (Registro nro. 6501)

Detalles MARC
000 -LEADER
fixed length control field 00697nam a22002297a 4500
003 - CONTROL NUMBER IDENTIFIER
control field OSt
005 - DATE AND TIME OF LATEST TRANSACTION
control field 20250808110455.0
008 - FIXED-LENGTH DATA ELEMENTS--GENERAL INFORMATION
fixed length control field 200212s2004 ck a|||br|||| 00| 1 spa d
020 ## - INTERNATIONAL STANDARD BOOK NUMBER
International Standard Book Number 9789583016769
040 ## - CATALOGING SOURCE
Original cataloging agency CO-JMCR
Transcribing agency CO-JMCR
041 0# - LANGUAGE CODE
Language code of text/sound track or separate title spa
082 ## - DEWEY DECIMAL CLASSIFICATION NUMBER
Classification number C
Item number VASc
100 ## - MAIN ENTRY--PERSONAL NAME
Personal name Vasco, Irene,
Relator term autora
9 (RLIN) 496
245 10 - TITLE STATEMENT
Title Cuentos de navidad /
Statement of responsibility, etc. Irene Vasco ; ilustraciones, Verónica Chaves
250 ## - EDITION STATEMENT
Edition statement Primera edición
260 ## - PUBLICATION, DISTRIBUTION, ETC.
Place of publication, distribution, etc. Bogotá :
Name of publisher, distributor, etc. Panamericana,
Date of publication, distribution, etc. 2004
300 ## - PHYSICAL DESCRIPTION
Extent 47 páginas :
Other physical details ilustraciones a color ;
Dimensions 23 cm.
490 0# - SERIES STATEMENT
Series statement Sueños de papel
650 14 - SUBJECT ADDED ENTRY--TOPICAL TERM
Topical term or geographic name entry element Cuentos infantiles colombianos
9 (RLIN) 497
700 1# - ADDED ENTRY--PERSONAL NAME
Personal name Chaves, Verónica,
Relator term ilustradora
9 (RLIN) 498
942 ## - ADDED ENTRY ELEMENTS (KOHA)
Source of classification or shelving scheme Dewey Decimal Classification
Koha item type Books
Existencias
Withdrawn status Lost status Source of classification or shelving scheme Damaged status Not for loan Collection code Home library Current library Shelving location Date acquired Source of acquisition Total Checkouts Full call number Barcode Date last seen Date last checked out Copy number Price effective from Koha item type
    Dewey Decimal Classification     Fiction Biblioteca Pública José María del Castillo y Rada Biblioteca Pública José María del Castillo y Rada Processing Center 08/19/2022 Donación 7 C VASc 201809525 03/04/2026 03/04/2026 Ej.2 08/19/2022 Books